Indian Plantarum: A Compendium Of Phytogeographic Zones And Plant Lists (Record no. 357375)

MARC details
000 -LEADER
fixed length control field 00597nam a22001817a 4500
005 - DATE AND TIME OF LATEST TRANSACTION
control field 20240304153246.0
008 - FIXED-LENGTH DATA ELEMENTS--GENERAL INFORMATION
fixed length control field 240304b |||||||| |||| 00| 0 eng d
020 ## - INTERNATIONAL STANDARD BOOK NUMBER
International Standard Book Number 9789392208959
041 ## - LANGUAGE CODE
Language code of text/sound track or separate title eng
082 ## - DEWEY DECIMAL CLASSIFICATION NUMBER
Classification number 712.36
Item number MAH
100 ## - MAIN ENTRY--PERSONAL NAME
Author Maheshwari D.
245 ## - TITLE STATEMENT
Title Indian Plantarum: A Compendium Of Phytogeographic Zones And Plant Lists
260 ## - PUBLICATION, DISTRIBUTION, ETC.
Place of publication, distribution, etc. Ahmedabad
Name of publisher, distributor, etc. Year Of Publishing
Date of publication, distribution, etc. 2023
300 ## - PHYSICAL DESCRIPTION
Extent 263p
Other physical details Hb
Dimensions 19 x 25
365 ## - TRADE PRICE
Price type code INR
Price amount 2600.00
Currency code Rupaye
500 ## - GENERAL NOTE
Keywords Statewise Phytogeographic Zones And Subzones<br/>Plant List For Phytogeographic Zones And Subzones
942 ## - ADDED ENTRY ELEMENTS (KOHA)
Koha item type Books
Holdings
Withdrawn status Lost status Source of classification or shelving scheme Damaged status Not for loan Collection code Home library Current library Date acquired Vendor Budget Code Net Price Bill number Total Checkouts Full call number Barcode Date last seen Date last checked out Discount Actual Price Bill Date Koha item type
    Dewey Decimal Classification     Book of B Arch Dr. Bhanuben Nanavati College of Architecture Dr. Bhanuben Nanavati College of Architecture 04/03/2024 Word Book Shop B Arch 2600.00 2381 1 712.36 MAH BNCA-BK-12563 29/04/2024 19/04/2024 00 2600.00 28/02/2024 Reference book